| 000 | 00641nam a22001697a 4500 | ||
|---|---|---|---|
| 003 | NUST | ||
| 020 | _a041258770X | ||
| 082 | _a621.38152,SPA | ||
| 100 |
_aSparkes, J.J. _9103970 |
||
| 245 |
_aSemiconductor devices / _cJ.J.Sparkes, |
||
| 250 | _a2nd edition | ||
| 260 |
_aChapman & Hall _bNew York _c1994 |
||
| 300 | _a224 p | ||
| 505 | _aSemiconductors and application of semiconductor devices (Page-1), p-n junction diodes (Page-44), Fiedl effect transistor (Page-101), Bipolar junction transistor (Page-129), Integrated circuits (Page-173), New technologies (Page-189), | ||
| 650 |
_aSemiconductor devices _956062 |
||
| 942 |
_2ddc _cBK |
||
| 999 |
_c592574 _d592574 |
||